Formes des pays sur la carte du monde n°5 - Statistiques

Statistiques générales
  • Ce quiz a été pris 37 304 fois
  • Le résultat moyen est 17 sur 20
Réponses sur la Carte
Les réponses sont colorées sur une échelle allant du rouge au vert en fonction du pourcentage des utilisateurs qui les ont devinées à leur premier essai. Vous pouvez retrouver ces pourcentages ci-dessous.
 
Statistiques - réponses
Pays % Correct
Russie
100%
Allemagne
99%
Inde
99%
Royaume-Uni
99%
Afrique du Sud
97%
Colombie
91%
Uruguay
88%
Mali
85%
Soudan
84%
Hongrie
83%
Suriname
82%
Bosnie-Herzégovine
79%
Émirats arabes unis
78%
Afghanistan
76%
Jordanie
76%
Birmanie
75%
Guatemala
74%
Ghana
67%
Zambie
66%
Kiribati
59%
Aucun quiz correspondant
Distribution des résultats
% des personnes avec chaque résultat
Percentile par nombre de réponses
Votre historique - résultats
Vous n’avez pas pris ce quiz